LEADER 00732naa a2200157 i 4500 001 000000293722 003 CaOOAMICUS 005 20180831172452.0 008 180831n xx u000 u und u 013 $a963 040 $aSeMil$bita 100 1 $aNicoletti, Michele.$0(OLS)http://semarc/name/14344 245 13$aIl problema della «teologia politica» nel Novecento :$bfilosofia politica e critica teologica. 650 4$aTeologia politica.$0(OLS)http://semarc/subject/7740 773 0 $tTeologia politica.$dBologna : EDB, 1991.$kScienze religiose / Istituto trentino di cultura$z88-10-40366-5$w()42298 996 $6245$aIl problema della «teologia politica» nel Novecento :$bfilosofia politica e critica teologica$9(OLS)http://semarc/title/369811 LEADER 00988nam a2200241 i 4500 001 000000067685 003 CaOOAMICUS 005 20100603000000.0 008 100603s1951 fr u000 u fre u 013 $a38857 040 $aSeMil$bita 100 1 $aScheler, Max,$d<1874-1928>.$0(OLS)http://semarc/name/7920 245 13$aLa situation de l'homme dans le monde /$cMax Scheler ; traduit et préfacé par M. Dupuy. 260 $aParis :$bAubier,$c1951. 300 $a126 p. ;$c18 cm. 490 0 $aLa philosophie en poche 650 4$aAntropologia filosofica.$0(OLS)http://semarc/subject/976 700 1 $aDupuy, Maurice.$0(OLS)http://semarc/name/3778 830 3$aLa philosophie en poche.$0(OLS)http://semarc/title/14915 850 $aSeMil 852 $aSeMil$W1$xVenegono$y1$m2O I 234$j33838$B33838$CSeMilBibl$Z2$F33841 $81 996 $6245$aLa situation de l'homme dans le monde$9(OLS)http://semarc/title/107875 996 $6260$aParis :$bAubier$9(OLS)http://semarc/publisher/30108